ARRUPE JESUIT UNIVERSITY

CORONAVIRUS -STOP THE SPREAD - CLEAN,DISINFECT,COVER

Russell : (Record no. 131230)

MARC details
000 -LEADER
fixed length control field 01233cam a2200313 a 4500
001 - CONTROL NUMBER
control field 12946098
003 - CONTROL NUMBER IDENTIFIER
control field ARRUPE
005 - DATE AND TIME OF LATEST TRANSACTION
control field 20220405083953.0
008 - FIXED-LENGTH DATA ELEMENTS--GENERAL INFORMATION
fixed length control field 020926s2002 enka b 001 0deng
010 ## - LIBRARY OF CONGRESS CONTROL NUMBER
LC control number 2002514396
020 ## - INTERNATIONAL STANDARD BOOK NUMBER
International Standard Book Number 0192802585
040 ## - CATALOGING SOURCE
Original cataloging agency DLC
Transcribing agency DLC
Modifying agency DLC
042 ## - AUTHENTICATION CODE
Authentication code pcc
050 00 - LIBRARY OF CONGRESS CALL NUMBER
Classification number B1649.R94
Item number G743 2002
082 00 - DEWEY DECIMAL CLASSIFICATION NUMBER
Classification number 192
-- B
Edition number 21
300 ## - PHYSICAL DESCRIPTION
Other physical details ill. ;
Dimensions 18 cm.
100 1# - MAIN ENTRY--PERSONAL NAME
Personal name Grayling, A. C.
9 (RLIN) 5558
245 10 - TITLE STATEMENT
Title Russell :
Remainder of title a very short introduction /
Statement of responsibility, etc A.C. Grayling.
260 ## - PUBLICATION, DISTRIBUTION, ETC. (IMPRINT)
Place of publication, distribution, etc Oxford ;
-- New York :
Name of publisher, distributor, etc Oxford University Press,
Date of publication, distribution, etc 2002.
300 ## - PHYSICAL DESCRIPTION
Extent 147 p. :
440 #0 - SERIES STATEMENT/ADDED ENTRY--TITLE
Title Very short introductions ;
Volume number/sequential designation 59
504 ## - BIBLIOGRAPHY, ETC. NOTE
Bibliography, etc Includes bibliographical references (p. 139-140) and index.
600 10 - SUBJECT ADDED ENTRY--PERSONAL NAME
Personal name Russell, Bertrand,
Dates associated with a name 1872-1970.
9 (RLIN) 11326
856 42 - ELECTRONIC LOCATION AND ACCESS
Materials specified Publisher description
Uniform Resource Identifier <a href="http://www.loc.gov/catdir/enhancements/fy0614/2002514396-d.html">http://www.loc.gov/catdir/enhancements/fy0614/2002514396-d.html</a>
856 41 - ELECTRONIC LOCATION AND ACCESS
Materials specified Table of contents only
Uniform Resource Identifier <a href="http://www.loc.gov/catdir/enhancements/fy0614/2002514396-t.html">http://www.loc.gov/catdir/enhancements/fy0614/2002514396-t.html</a>
856 42 - ELECTRONIC LOCATION AND ACCESS
Materials specified Contributor biographical information
Uniform Resource Identifier <a href="http://www.loc.gov/catdir/enhancements/fy0725/2002514396-b.html">http://www.loc.gov/catdir/enhancements/fy0725/2002514396-b.html</a>
906 ## - LOCAL DATA ELEMENT F, LDF (RLIN)
a 7
b cbc
c orignew
d 2
e ncip
f 20
g y-gencatlg
942 ## - ADDED ENTRY ELEMENTS (KOHA)
Source of classification or shelving scheme Library of Congress Classification
Koha item type Monograph ( Printed materials)
Holdings
Withdrawn status Lost status Source of classification or shelving scheme Damaged status Not for loan Collection code Home library Current library Shelving location Date acquired Total Checkouts Full call number Barcode Date last seen Price effective from Koha item type
    Library of Congress Classification     Main Collection ARRUPE LIBRARY ARRUPE LIBRARY Main Collection 05/04/2022   B1649.R94 G743 2002 46600008422 05/04/2022 05/04/2022 Monograph ( Printed materials)

 

Arrupe Library. PO Box MP320 Mt Pleasant, Harare, Zimbabwe
263 242 745411|librarian@aju.ac.zw